Normal view
MARC view
Entry Personal Name
001 - CONTROL NUMBER
- control field: 1127291
003 - CONTROL NUMBER IDENTIFIER
- control field: OSt
005 - DATE AND TIME OF LATEST TRANSACTION
- control field: 20260306154323.0
008 - FIXED-LENGTH DATA ELEMENTS
- fixed length control field: 260306|| aca||aabn | a|a d
040 ## - CATALOGING SOURCE
- Original cataloging agency: OSt
- Transcribing agency: OSt
100 ## - HEADING--PERSONAL NAME
- Personal name: Archibugi/Howells/Michie
670 ## - SOURCE DATA FOUND
- Source citation: Work cat.: (OSt)1707067: Archibugi/Howells/Michie, Innovation Policy in a Global Economy 1st ed
